| 000 | 00875nam a2200229 a 4500 | ||
|---|---|---|---|
| 001 | 000034711 | ||
| 005 | 20200930073845.0 | ||
| 008 | 111019s1973 es 000 0 spa d | ||
| 020 | _a8420616990 | ||
| 040 |
_aDO-SdBNP _bspa _cBNPHU |
||
| 100 | 1 |
_aPines, Maya. _960168 |
|
| 240 | 1 | 0 |
_aThe brain changers. _linglés |
| 245 | 1 | 4 |
_aLos manipuladores del cerebro : _blos científicos y el nuevo control de la mente / _cMaya Pines ; traductor, Natividad Sánchez Sainz-Trápaga. |
| 250 | _a3a ed. | ||
| 260 |
_aMadrid : _bAlianza Editorial, _c1973. |
||
| 300 |
_a277 p. ; _c19 cm. |
||
| 490 | 1 |
_aLibro de bolsillo _aSección Ciencia y técnica _v699 |
|
| 590 | _aPerteneció a la biblioteca personal de Juan Isidro Jimenes Grullón. | ||
| 700 | 1 | 2 |
_aSánchez Sainz, Natividad _etr. _960169 |
| 830 | 0 |
_aLibro de bolsillo _pSección Ciencia y técnica _v699 _960170 |
|
| 049 | _aBNPD | ||
| 999 |
_c34202 _d34202 |
||